Religious Duties of Islam as Taught and Explained By Abu Bakr Efendi (Record no. 1761)

MARC details
000 -LEADER
fixed length control field 00606nam a2200241 a 4500
020 ## - INTERNATIONAL STANDARD BOOK NUMBER
ISBN
082 00 - DEWEY DECIMAL CLASSIFICATION NUMBER
Classification number 340.59
Author Cutter SYR
100 ## - MAIN ENTRY--AUTHOR NAME
Author name Syrier, Mia Brandel
245 ## - TITLE STATEMENT
Title Religious Duties of Islam as Taught and Explained By Abu Bakr Efendi
260 ## - PUBLICATION, DISTRIBUTION, ETC. (IMPRINT)
Place of publication
Name of publisher
Year of publication 1960
300 ## - PHYSICAL DESCRIPTION
Number of Pages 196p
500 ## - GENERAL NOTE
General note includes index and biblioraphy
505 2# - FORMATTED CONTENTS NOTE
Formatted contents note Index
650 ## - SUBJECT ADDED ENTRY--TOPICAL TERM
Topical Term Islamic-Law Jurisprudence
942 ## - ADDED ENTRY ELEMENTS (KOHA)
Koha item type Books
700 1# -
-- Syrier, Mia Brandel
Holdings
Collection code Home library Current library Date acquired Cost, normal purchase price Full call number Accession Number Koha item type
  Henry Martyn Institute Library Henry Martyn Institute Library 06/01/2007 100.00 340.59 SYR 02655 Books
                   Copyright © 2026 | Henry Martyn Institute | Hyderabad | TS-500052 | INDIA | Implemented by hmi.edu.in
Hit-Count:

Powered by Koha